00726nam a22002052a 450000100060000000300080000600500170001400800400003103500190007104000370009004100080012708200180013510000590015324501400021226000490035230000290040165000100043065000450044074000350048527741BD-RjUL20211209051209.0140327s1939 uk 000 0 eng u a(BD-RjUL)27820 aTOLdOCLdCURdEQObengcBD-RjUL aeng a940bMAC 19391 aMarriott, J. A. R.q(John Arthur Ransome),d1859-1945.10aCommonwealth or anarchy :bA survey of projects of peace from the sixteenth to the twentieth century / cby Sir John A. R. Marriott ... aNew York :bColumbia University Press,c1939 a227 p. :c19 cm.bill. ; 0aPeace 0aInternational law and relationsxHistory0 aProjects of peace, A survey of